000 00711nam a2200229 a 4500
001 57269
003 BD-RjUL
005 20211209080505.0
008 161207s1976 enk 001 0 eng
035 _a(BD-RjUL)57393
040 _aDLC
_cNmSoI
_dBD-RjUL
_beng
041 _aeng
082 _a301
_223
_bBAI 1976
100 1 _aBales, Robert Freed,
_d1916-2004.
_9170062
245 1 0 _aInteraction process analysis :
_ba method for the study of small groups /
_cRobert Freed Bales,
260 _aLondon :
_bAddison-Wesley Press,
_c1950 [reprinted 1976]
300 _axi, 203 p. :
_bill. ;
_c24 cm.
500 _aInclude index
650 0 _aSocial interaction.
_9125464
942 _2ddc
_cBK
999 _c57269
_d57269